Statistics for Top Ten Most Popular College Majors

Click here to take the quiz!

General Stats

  • This quiz has been taken 66 times
  • The average score is 5 of 10

Answer Stats

Answer% Correct
Business Administration and Management
80%
Biology
72%
English
64%
Education
59%
Nursing
57%
Psychology
54%
History
52%
Accounting
43%
Humanities
21%
Criminal Justice
13%

Score Distribution

Percentile by Number Answered

Percent of People with Each Score

Your Score History

You have not taken this quiz